Normal view
MARC view
- COCTEAU, JEAN,
Entry Nombre Personal
001 - NUMERO DE CONTROL
- campo de control: 9320
003 - IDENTIFICADOR DE NUMERO DE CONTROL
- campo de control: UPN
005 - FECHA Y HORA DE LA ÜLTIMA TRANSACCIÓN
- campo de control: 20210219193734.0
008 - DATOS DE LONGITUD FIJA
- campo de control de longitud fija: nabaccnnaabn|||||||||| b |nc|||||d
035 ## - NUMERO DE CONTROL
- Número de control: UPN10000009326
040 ## - FUENTE DE CATALOGACIÓN
- Lenguaje de catalogación: SPA
- Agencia de transcripción: UPN
100 1# - ENCABEZAMIENTO - NOMBRE PERSONAL
- Nombre personal: COCTEAU, JEAN,
- Fechas asociadas con el nombre: 1889-1963 -
- Subdivisión de forma: CORRESPONDENCIA, MEMORIAS, ETC.
670 ## - FUENTE EN LA QUE SE LOCALIZARON DATOS
- Cita de la fuente: T/P
- Información localizada: Salvat Universal
902 ## - CATALOGADOR
- Catalogador: MEEG/170408
